| 000 | 00475nam a22001697a 4500 | ||
|---|---|---|---|
| 003 | OSt | ||
| 005 | 20221031163034.0 | ||
| 008 | 221031b |||||||| |||| 00| 0 eng d | ||
| 040 | _cBiblioteca Lado V | ||
| 082 |
_2708 _aL864p |
||
| 100 |
_aLopez, Mateo _eautor _9260 |
||
| 245 | _aPingpong/ | ||
| 260 |
_aColombia _bGalería Casa Riegner |
||
| 300 |
_a67p. _c21x25cm |
||
| 700 |
_aSuarez Londoño, Jose Antonio _eautor |
||
| 942 |
_2ddc _c1 _h708 _iL864p _n0 |
||
| 999 |
_c2434 _d2434 |
||